හිත /

Saved in:
Bibliographic Details
Main Author: සමරසිංහ , චින්තක
Format: Book
Language:English
Sinhalese
Published: අවිස්සාවේල්ල : පතිරණ , 2008.
Subjects:
Tags: Add Tag
No Tags, Be the first to tag this record!

MARC

LEADER 00000nam a22000007a 4500
003 LK-ApPL
005 20260408105332.0
008 260408b |||||||| |||| 00| 0 eng d
020 |a 9789555073608 
040 |a LK-ApPL  |b sin  |d LK-ApPL 
041 |a sin 
082 |2 23  |a 891.483  |b සමර 
100 |a සමරසිංහ , චින්තක  
245 |a හිත /  |c චින්තක සමරසිංහ  
260 |a අවිස්සාවේල්ල :  |b පතිරණ ,  |c 2008. 
300 |a පි. 134 :  |c සෙ.මි. 21 
650 0 |a නවකතා  
942 |c LBK 
999 |c 24337  |d 24337